000 00611nam a2200229Ia 4500
003 OSt
005 20220918202613.0
006 a|||||r|||| 00| 0
007 ta
008 220917b |||||||| |||| 00| 0 eng d
024 _a102,493
037 _cTextual
040 _aARTS
_cARTS
_beng
041 _2eng
_aeng
082 _aV2529M22,1, K8
100 _aBhatnagar G D
_9104554
245 0 _aAwadh under Wajid Ali Shah
260 _aVaranasi
_bBhartya Vidya Prakashan
_c1968
650 _aHISTORY
942 _hV2529M22,1, K8
_cTEXL
_2CC
999 _c225947
_d225947